Municipalities of Nuevo León - Statistics

General Stats
  • This quiz has been taken 184 times
  • The average score is 24 of 51
Answers on the Map
Answers color-coded by a green-red scale on the quiz's map according to % correct below.
 
Answer Stats
Answer % Correct
Monterrey
93%
San Nicolás de los Garza
84%
San Pedro Garza García
81%
China
74%
Apodaca
72%
General Escobedo
72%
Guadalupe
72%
Santa Catarina
72%
Anáhuac
70%
Linares
67%
Santiago
67%
García
63%
Montemorelos
58%
Doctor Arroyo
56%
Doctor Coss
56%
Juárez
56%
Bustamante
53%
Mina
53%
Agualeguas
49%
Allende
49%
Hualahuises
49%
Mier y Noriega
49%
Rayones
47%
Abasolo
44%
Galeana
44%
Aramberri
42%
General Zuazua
42%
Lampazos de Naranjo
42%
Sabinas Hidalgo
42%
Cadereyta Jiménez
40%
Ciénega de Flores
40%
Doctor González
40%
Pesquería
40%
Cerralvo
37%
El Carmen
37%
General Terán
35%
General Treviño
35%
Los Ramones
35%
Parás
35%
Salinas Victoria
35%
General Zaragoza
33%
Iturbide
33%
General Bravo
30%
Hidalgo
28%
Marín
28%
Villaldama
26%
Los Aldamas
23%
Melchor Ocampo
23%
Vallecillo
23%
Higueras
21%
Los Herreras
21%
No matching quizzes found
Score Distribution
Percent of People with Each Score
Percentile by Number Answered
Your Score History
You have not taken this quiz